000 00471nam a2200145 a 4500
001 000048098
005 20201002060923.0
008 181115s2015 dr a 000 spa d
040 _aDO-SdBNP
_bspa
_cBNPHU
082 _axxx
_bM266
245 0 _aManual de capacitación :
_bmultiplicadores comunitarios de gestión de riesgo guía del (la) participante.
260 _aSanto Domingo :
_bOXFAM,
_c2015.
300 _a85 p. :
_bil. ;
_c29 cm.
590 _aInventariado, 2018 / DG
999 _c47586
_d47586